书目信息 |
| 题名: |
古玩淘宝实战1001例
|
|
| 作者: | 望野 编著 | |
| 分册: | ||
| 出版信息: | 长春 吉林出版集团有限责任公司 2006 |
|
| 页数: | 287页 | |
| 开本: | 25cm | |
| 丛书名: | 古玩1001系列 | |
| 单 册: | ||
| 中图分类: | K870.4 , G894 | |
| 科图分类: | ||
| 主题词: | 历史文物--鉴赏--基本知识--中国 , 历史文物 , 历史文物--收藏--基本知识--中国 | |
| 电子资源: | ||
| ISBN: | 7-80720-439-7 | |
| 000 | 00965oam2 2200277 450 | |
| 001 | 003075115 | |
| 005 | 20070805094105.17 | |
| 010 | @a7-80720-439-7@dCNY69.00 | |
| 100 | @a20060104d2006 em y0chiy0110 ea | |
| 101 | 0 | @achi |
| 102 | @aCN@b220000 | |
| 105 | @ay z 000yy | |
| 200 | 1 | @a古玩淘宝实战1001例@9gu wan tao bao shi zhan 1001 li@f望野编著 |
| 210 | @a长春@c吉林出版集团有限责任公司@d2006 | |
| 215 | @a287页@c彩图@d25cm | |
| 225 | 2 | @a古玩1001系列 |
| 330 | @a本书收录了望野先生为广大收藏爱好者鉴定藏品的经典案例千余例,以专家与藏品持有者及读者面对面的交流形式行文,经典实战案例,模拟出一种观摩实战的空间,使本书真正成为一个淘出真宝、炼出火眼金睛的大熔炉。 | |
| 461 | 0 | @12001 @a古玩1001系列 |
| 606 | 0 | @a历史文物@x鉴赏@x基本知识@y中国 |
| 606 | 0 | @a历史文物 |
| 606 | 0 | @a历史文物@x收藏@x基本知识@y中国 |
| 690 | @aK870.4@v4 | |
| 690 | @aG894@v4 | |
| 701 | 0 | @a望野@9wang ye@4编著 |
| 801 | 0 | @aCN@bNLC@c20070805 |
| 905 | @a10447@dK870.4@e252 | |
| 古玩淘宝实战1001例/望野编著.-长春:吉林出版集团有限责任公司,2006 |
| 287页:彩图;25cm.-(古玩1001系列) |
| ISBN 7-80720-439-7:CNY69.00 |
| 本书收录了望野先生为广大收藏爱好者鉴定藏品的经典案例千余例,以专家与藏品持有者及读者面对面的交流形式行文,经典实战案例,模拟出一种观摩实战的空间,使本书真正成为一个淘出真宝、炼出火眼金睛的大熔炉。 |
| ● |
| 相关链接 |
|
|
|
|
正题名:古玩淘宝实战1001例
索取号:K870.4/252
 
预约/预借
| 序号 | 登录号 | 条形码 | 馆藏地/架位号 | 状态 | 备注 |
| 1 | 0808055 | 208080556 | 第二样本阅览室/ [索取号:K870.4/252] | 在馆 | |
| 2 | 0808056 | 208080565 | 第二借阅区/ [索取号:K870.4/252] |
已借出,限还日期为2011.02.08 借出人:王建军 |
|
| 3 | 0808057 | 208080574 | 第二借阅区/ [索取号:K870.4/252] | 在馆 | |
| 4 | 0808058 | 208080583 | 第二借阅区/ [索取号:K870.4/252] | 在馆 | |
| 5 | 0808059 | 208080592 | 第二借阅区/ [索取号:K870.4/252] | 在馆 |